[Event "4NCL 2011-12"]
[Site "Staverton Park ENG"]
[Date "2011.11.12"]
[Round "1.18.4"]
[White "Granat, Russell G"]
[Black "Arkell, Keith C"]
[Result "0-1"]
[BlackTitle "GM"]
[WhiteElo "2213"]
[BlackElo "2418"]
[WhiteTeam "Guildford 2"]
[BlackTeam "Cheddleton"]
[WhiteFideId "401714"]
[BlackFideId "400270"]
[EventDate "2011.11.12"]

1. e4 c6 2. d4 d5 3. exd5 cxd5 4. c4 Nf6 5. Nc3 g6 6. Qb3 Bg7 7. Nxd5 Nxd5 8.
cxd5 O-O 9. Nf3 Nd7 10. Bd2 Nb6 11. Ba5 Bf5 12. Bxb6 Qxb6 13. Qxb6 axb6 14. Bc4
Rfc8 15. Bb3 Bc2 16. O-O Bxb3 17. axb3 Ra5 18. Rac1 Rd8 19. Rc7 Bf6 20. Rfc1
Raxd5 21. Kf1 g5 22. g4 h5 23. h3 hxg4 24. hxg4 Kf8 25. Rxb7 Bxd4 26. Nxd4 Rxd4
27. Rc4 Rd1+ 28. Kg2 R1d6 29. Rbc7 Rf6 30. Rc2 Rd4 31. R7c4 Rff4 32. Rxd4 Rxd4
33. f3 Ke8 34. Kf2 Kd7 35. Ke3 Rb4 36. Rc3 Kd6 37. Rd3+ Ke5 38. Rc3 e6 39. Rd3
Rb5 40. Rc3 Kd6 41. Rd3+ Kc6 42. Rc3+ Kb7 43. Kd3 Rb4 44. Kc2 Rf4 45. Kd2 Ka6
46. Re3 Kb5 47. Kc3 Kc6 48. b4 e5 49. b5+ Kd5 50. b4 Rc4+ 51. Kb3 e4 52. fxe4+
Rxe4 53. Rf3 Ke6 54. Rg3 f5 55. gxf5+ Kxf5 56. Rf3+ Kg6 57. Rc3 Re6 58. Rc6 Kf5
59. Kc4 g4 60. Kd5 Rg6 61. Rxg6 Kxg6 62. Ke4 Kg5 63. Ke3 Kh4 64. Kf2 Kh3 65. Kg1
Kg3 66. Kh1 Kf2 0-1

[Event "4NCL 2011-12"]
[Site "Staverton Park ENG"]
[Date "2011.11.12"]
[Round "1.18.5"]
[White "Eggleston, David J"]
[Black "Sharpe, Ian W"]
[Result "1/2-1/2"]
[WhiteTitle "FM"]
[WhiteElo "2367"]
[BlackElo "2236"]
[WhiteTeam "Cheddleton"]
[BlackTeam "Guildford 2"]
[WhiteFideId "412120"]
[BlackFideId "411973"]
[EventDate "2011.11.12"]

1. e4 e6 2. d4 d5 3. Nc3 Bb4 4. e5 Ne7 5. a3 Bxc3+ 6. bxc3 b6 7. Qg4 Ng6 8. h4
h5 9. Qg3 Ba6 10. Ne2 Rh7 11. Bg5 Qd7 12. Qf3 c5 13. Ng3 Bxf1 14. Kxf1 Qa4 15.
Nxh5 Nc6 16. Nf4 Nxf4 17. Bxf4 cxd4 18. Qd3 Rh8 19. g3 dxc3 20. Qxc3 Rc8 21. Ra2
Kd7 22. Kg2 1/2-1/2

[Event "4NCL 2011-12"]
[Site "Staverton Park ENG"]
[Date "2011.11.12"]
[Round "1.18.6"]
[White "Meyer, Gordon"]
[Black "Bellin, Robert"]
[Result "0-1"]
[BlackTitle "IM"]
[WhiteElo "2155"]
[BlackElo "2355"]
[WhiteTeam "Guildford 2"]
[BlackTeam "Cheddleton"]
[WhiteFideId "14300303"]
[BlackFideId "400343"]
[EventDate "2011.11.12"]

1. e4 c5 2. Nf3 Nc6 3. d4 cxd4 4. Nxd4 Nf6 5. Nc3 d6 6. Bg5 Bd7 7. Qd2 a6 8.
O-O-O e6 9. Nb3 b5 10. Bd3 Be7 11. f4 h6 12. h4 b4 13. Ne2 Qb6 14. Bxf6 Bxf6 15.
g4 a5 16. g5 Be7 17. Kb1 a4 18. Nbc1 h5 19. g6 Ra7 20. gxf7+ Kxf7 21. e5 dxe5
22. fxe5 Nxe5 23. Rdf1+ Bf6 24. Qg5 Ng4 25. Qg6+ Kf8 26. Rhg1 Rh6 27. Qe4 a3 28.
b3 Qb7 29. Qc4 Kg8 30. Qc5 Ra8 31. Rf4 Rb8 32. Ng3 Qb6 33. Ne4 Qxc5 34. Nxc5 Bc8
35. Be2 Be7 36. N1d3 e5 37. Rc4 Rc6 38. Bxg4 Bxg4 39. Re1 Bxh4 40. Rxe5 Bf6 41.
Rd5 Bc3 42. Nf2 Rf8 43. Nfd3 Rf1+ 44. Nc1 Rxc5 45. Rcxc5 Bb2 46. Rc8+ Bxc8 47.
Rd8+ Kh7 48. Rh8+ Kxh8 0-1

[Event "4NCL 2011-12"]
[Site "Staverton Park ENG"]
[Date "2011.11.12"]
[Round "1.18.8"]
[White "Grigoryan, Meri"]
[Black "McKenna, Jason P"]
[Result "0-1"]
[WhiteTitle "WFM"]
[WhiteElo "2026"]
[BlackElo "2110"]
[WhiteTeam "Guildford 2"]
[BlackTeam "Cheddleton"]
[WhiteFideId "13300571"]
[BlackFideId "403857"]
[EventDate "2011.11.12"]

1. d4 g6 2. c4 Bg7 3. Nc3 Nf6 4. e4 d6 5. Nf3 O-O 6. Be2 e5 7. d5 Na6 8. Be3 Ng4
9. Bg5 f6 10. Bh4 Nh6 11. Nd2 Nf7 12. f3 Bh6 13. g4 Be3 14. Nf1 Bd4 15. Qd2 c6
16. Bd1 Kg7 17. Ne2 c5 18. Nxd4 cxd4 19. Bf2 Bd7 20. h4 b5 21. Be2 bxc4 22. Bxc4
Nc5 23. Ng3 Rb8 24. Ne2 Qc8 25. b3 Qb7 26. Nc1 f5 27. gxf5 gxf5 28. Rg1+ Kh8 29.
Bxd4 exd4 30. Qxd4+ Ne5 31. f4 Qb4+ 32. Kd1 Rbe8 33. fxe5 dxe5 34. Qe3 f4 35.
Qf3 Rg8 36. Ne2 Rxg1+ 37. Nxg1 Rg8 38. Kc2 Rg3 39. Qe2 0-1

[Event "4NCL 2011-12"]
[Site "Staverton Park ENG"]
[Date "2011.11.13"]
[Round "2.11.1"]
[White "Slavin, Alexei"]
[Black "Rowson, Jonathan"]
[Result "0-1"]
[WhiteTitle "IM"]
[BlackTitle "GM"]
[WhiteElo "2400"]
[BlackElo "2581"]
[WhiteTeam "e2e4.org.uk"]
[BlackTeam "Wood Green Hilsmark 1"]
[WhiteFideId "24104388"]
[BlackFideId "2400561"]
[EventDate "2011.11.12"]

1. d4 d6 2. c4 e5 3. d5 g6 4. Nc3 Na6 5. h4 Nf6 6. e4 Nc5 7. Qc2 a5 8. Be2 h5 9.
Bg5 Be7 10. O-O-O c6 11. Be3 Qc7 12. Bxc5 dxc5 13. Nh3 O-O 14. Kb1 cxd5 15. cxd5
Bd7 16. d6 Bxd6 17. Qd2 Be7 18. Qh6 Bxh3 19. gxh3 Qc6 20. Bc4 Nxe4 21. Rhg1
Nxc3+ 22. bxc3 Ra6 23. Bxa6 Qxa6 24. Qxh5 Bf6 25. Qg4 e4 26. Qxe4 Bxc3 27. Kc2
Bd4 28. Qd5 Qf6 29. h5 Qxf2+ 30. Rd2 Qxg1 31. Rg2 Qe3 32. Rxg6+ Kh8 33. Rg2 Re8 0-1

[Event "4NCL 2011-12"]
[Site "Staverton Park ENG"]
[Date "2011.11.13"]
[Round "2.11.2"]
[White "Gordon, Stephen J"]
[Black "Ghasi, Ameet K"]
[Result "1-0"]
[WhiteTitle "GM"]
[BlackTitle "FM"]
[WhiteElo "2535"]
[BlackElo "2400"]
[WhiteTeam "Wood Green Hilsmark 1"]
[BlackTeam "e2e4.org.uk"]
[WhiteFideId "411477"]
[BlackFideId "409200"]
[EventDate "2011.11.12"]

1. d4 Nf6 2. c4 g6 3. Nc3 Bg7 4. e4 d6 5. Nf3 Bg4 6. Be3 a6 7. Be2 Nfd7 8. d5
Bxf3 9. gxf3 e5 10. h4 Nf6 11. f4 exf4 12. Bxf4 Nbd7 13. Qc2 h5 14. Bg5 c6 15.
dxc6 bxc6 16. O-O-O Qc7 17. f4 Nh7 18. Na4 Nxg5 19. hxg5 Rb8 20. b3 d5 21. e5
Nxe5 22. cxd5 O-O 23. d6 Qa5 24. Qc5 Rb5 25. Bxb5 Nd7 26. b4 Qd8 27. Qxc6 axb5
28. Nc5 Nxc5 29. Qxc5 Qa8 30. d7 Qa3+ 31. Kd2 Rd8 32. Qd5 Qg3 33. Rhf1 Qh3 34.
Ke2 h4 35. Rd3 Qg4+ 36. Qf3 Qe6+ 37. Qe3 Qxa2+ 38. Kf3 Qa8+ 39. Kf2 h3 40. Qxh3
Qa2+ 41. Kg1 Qc4 42. Qe3 Bf8 43. Rc1 Qxb4 44. Rc8 Be7 45. Kg2 Kh7 46. Qd4 Qxd4
47. Rxd4 f5 48. gxf6 Bxf6 49. Rxd8 Bxd8 50. Re4 1-0

[Event "4NCL 2011-12"]
[Site "Staverton Park ENG"]
[Date "2011.11.13"]
[Round "2.11.4"]
[White "Emms, John M"]
[Black "Kilpatrick, Callum"]
[Result "1/2-1/2"]
[WhiteTitle "GM"]
[WhiteElo "2484"]
[BlackElo "2315"]
[WhiteTeam "Wood Green Hilsmark 1"]
[BlackTeam "e2e4.org.uk"]
[WhiteFideId "400254"]
[BlackFideId "414425"]
[EventDate "2011.11.12"]

1. e4 e5 2. Nf3 Nc6 3. Bc4 Nf6 4. d3 Be7 5. O-O O-O 6. Re1 d6 7. c3 h6 8. Nbd2
Nh7 9. d4 Ng5 10. h3 Bf6 11. Nxg5 Bxg5 12. Nf3 Bxc1 13. Qxc1 Qf6 14. Qe3 Ne7 15.
Bf1 Ng6 16. g3 c6 17. Rad1 Be6 18. a3 Qe7 19. Bg2 Rfd8 20. Rd2 Bb3 21. h4 b6 22.
Bh3 Be6 23. Bg2 Qf6 24. Red1 Bg4 25. Rc1 Re8 26. dxe5 Nxe5 27. Nxe5 dxe5 28.
Rcc2 Red8 29. Rxd8+ Rxd8 30. Rd2 Rd6 31. Bf1 Qd8 32. Rd3 Rxd3 33. Qxd3 Qxd3 34.
Bxd3 Kf8 35. f4 Ke7 36. Kf2 Kd6 37. Ke3 f6 38. b4 b5 39. Bf1 a6 40. Bd3 Kc7 41.
fxe5 fxe5 42. Be2 Bxe2 43. Kxe2 h5 44. Kf3 Kb6 45. g4 g6 46. gxh5 gxh5 47. Ke3
Kc7 48. Kd3 Kd6 49. Ke3 1/2-1/2

[Event "4NCL 2011-12"]
[Site "Staverton Park ENG"]
[Date "2011.11.13"]
[Round "2.11.5"]
[White "Longson, Alexander"]
[Black "Arakhamia-Grant, Ketevan"]
[Result "1-0"]
[BlackTitle "GM"]
[WhiteElo "2281"]
[BlackElo "2443"]
[WhiteTeam "e2e4.org.uk"]
[BlackTeam "Wood Green Hilsmark 1"]
[WhiteFideId "408093"]
[BlackFideId "13600168"]
[EventDate "2011.11.12"]

1. e4 c5 2. Nf3 e6 3. b3 Nc6 4. Bb5 Nge7 5. O-O a6 6. Bxc6 Nxc6 7. Bb2 b5 8. c4
bxc4 9. bxc4 Rb8 10. Bc3 d6 11. Na3 e5 12. Nc2 Be7 13. Ne3 O-O 14. Qa4 Nd4 15.
Nxd4 exd4 16. Ba5 Qd7 17. Qxd7 Bxd7 18. Nd5 Bd8 19. Bxd8 Rfxd8 20. Rfb1 Ba4 21.
f3 Bc2 22. Rc1 Rb2 23. Kf2 Kf8 24. g4 Rdb8 25. Ke2 R8b7 26. Nf4 R7b4 27. Nd3
Bxd3+ 28. Kxd3 Ra4 29. Rcb1 Ra3+ 30. Ke2 Rxb1 31. Rxb1 Rxa2 32. Rb7 Ke8 33. e5
dxe5 34. Rc7 Rb2 35. Rxc5 f6 36. Rc7 Kf8 37. Kd3 Rb6 38. c5 Re6 39. Ra7 Rc6 40.
Kc4 h6 41. Kd5 Rc8 42. c6 Rd8+ 43. Kc5 d3 44. c7 Rc8 45. Kd6 Ke8 46. Rb7 1-0

[Event "4NCL 2011-12"]
[Site "Staverton Park ENG"]
[Date "2011.11.13"]
[Round "2.11.6"]
[White "Greet, Andrew N"]
[Black "Hulmes, David I"]
[Result "1-0"]
[WhiteTitle "IM"]
[WhiteElo "2449"]
[BlackElo "2273"]
[WhiteTeam "Wood Green Hilsmark 2"]
[BlackTeam "e2e4.org.uk"]
[WhiteFideId "405817"]
[BlackFideId "412201"]
[EventDate "2011.11.12"]

1. d4 d5 2. c4 e6 3. Nf3 Nf6 4. g3 Be7 5. Bg2 O-O 6. O-O dxc4 7. Qc2 a6 8. a4
Bd7 9. Qxc4 Bc6 10. Bf4 Nd5 11. Nc3 Nxf4 12. gxf4 a5 13. e3 Na6 14. Ne5 Bxg2 15.
Kxg2 c6 16. Rg1 Nb4 17. Kh1 Nd5 18. Qe2 Bf6 19. Ne4 g6 20. Rg2 Bg7 21. Rag1 Qe7
22. Qf3 Rac8 23. h4 Nf6 24. Nxf6+ Bxf6 25. h5 Bxe5 26. dxe5 Kg7 27. f5 exf5 28.
Qxf5 Kh8 29. Qe4 Rcd8 30. f4 Qe6 31. hxg6 fxg6 32. Rh2 Kg7 33. Qc2 Rd7 34. Qc3
Qd5+ 35. Rhg2 Kg8 36. Kh2 Rf5 37. Rc1 Qd3 38. Kg3 Kf7 39. Qxd3 Rxd3 40. Rc3 Rxc3
41. bxc3 Ke6 42. Rd2 Rf8 43. c4 Rb8 44. Rb2 b6 45. Kg4 h6 46. Rh2 Rh8 47. Rd2
h5+ 48. Kg5 h4 49. Rh2 b5 50. cxb5 cxb5 51. axb5 h3 52. b6 a4 53. b7 Rb8 54.
Rxh3 Rxb7 55. Rh6 Rg7 56. Rh2 Kd5 57. Rd2+ Kc5 58. e6 a3 59. Kf6 Rg8 60. e7 Kb4
61. Kf7 1-0

[Event "4NCL 2011-12"]
[Site "Staverton Park ENG"]
[Date "2011.11.13"]
[Round "2.11.7"]
[White "Byron, Alan M"]
[Black "McDonald, Neil"]
[Result "0-1"]
[BlackTitle "GM"]
[WhiteElo "2241"]
[BlackElo "2457"]
[WhiteTeam "e2e4.org.uk"]
[BlackTeam "Wood Green Hilsmark 1"]
[WhiteFideId "401773"]
[BlackFideId "400629"]
[EventDate "2011.11.12"]

1. e4 e6 2. d4 d5 3. e5 b6 4. c3 Qd7 5. Bd3 Ba6 6. Bxa6 Nxa6 7. Qd3 Nb8 8. Ne2
c5 9. Nd2 Nc6 10. Nf3 cxd4 11. Nexd4 Nge7 12. O-O Rc8 13. Bd2 Nxd4 14. Nxd4 h5
15. Rac1 Nc6 16. Nxc6 Rxc6 17. Rfd1 h4 18. Qf3 h3 19. g3 Rc4 20. Bf4 Be7 21. b3
Re4 22. c4 g5 23. Qxe4 dxe4 24. Rxd7 Kxd7 25. Be3 Kc6 26. Rd1 g4 27. Kf1 Rd8 28.
Rxd8 Bxd8 29. Ke2 f5 30. exf6 Bxf6 31. b4 Bc3 32. b5+ Kd6 33. a4 e5 34. Bh6 Kc5
35. Ke3 Bd4+ 36. Kxe4 Bxf2 37. Kf5 Bxg3 38. Kxg4 Bxh2 39. Kxh3 0-1

[Event "4NCL 2011-12"]
[Site "Staverton Park ENG"]
[Date "2011.11.13"]
[Round "2.11.8"]
[White "Ward, Chris G"]
[Black "Norinkeviciute, Rasa"]
[Result "1-0"]
[WhiteTitle "GM"]
[BlackTitle "WFM"]
[WhiteElo "2448"]
[BlackElo "1996"]
[WhiteTeam "Wood Green Hilsmark 1"]
[BlackTeam "e2e4.org.uk"]
[WhiteFideId "400203"]
[BlackFideId "12801925"]
[EventDate "2011.11.12"]

1. d4 Nf6 2. c4 e6 3. Nc3 Bb4 4. Qc2 Nc6 5. e3 O-O 6. Bd3 Re8 7. Ne2 e5 8. O-O
Bxc3 9. Qxc3 e4 10. Bc2 d5 11. b3 Ne7 12. Ba3 Ng6 13. Ng3 h5 14. f4 h4 15. Nh1
Bf5 16. Nf2 Qd7 17. Rae1 c6 18. Bd1 Rac8 19. h3 Kh7 20. Be2 Rh8 21. Rc1 Rhe8 22.
Qe1 b6 23. Ng4 Nxg4 24. hxg4 Bxg4 25. Bxg4 Qxg4 26. f5 Nf8 27. Rf4 Qg5 28. Rxh4+
Kg8 29. g4 g6 30. Rc2 Kg7 31. Bd6 Qd8 32. Qg3 Nh7 33. fxg6 Kxg6 34. Qh2 Ng5 35.
Rh6+ Kg7 36. Qh5 Re6 37. Be5+ Rxe5 38. dxe5 dxc4 39. Rd6 Nf3+ 40. Kf2 Qh8 41.
Rxc4 Qxh5 42. gxh5 Nxe5 43. Rxe4 f6 44. h6+ Kf7 45. h7 Kg7 46. Rh4 Rh8 47. Ke2
Kg6 48. Rf4 Rxh7 49. Rdxf6+ Kg7 50. Re6 Rh2+ 51. Rf2 Rh5 52. Re7+ Kg6 53. Rxa7
b5 54. Ra8 Kg7 55. Re8 Rg5 56. a4 bxa4 57. bxa4 Nc4 58. Re7+ Kg8 59. Kd3 Nb6 60.
Rb2 Rd5+ 61. Ke2 Nd7 62. Rb7 1-0

[Event "4NCL 2011-12"]
[Site "Staverton Park ENG"]
[Date "2011.11.13"]
[Round "2.12.1"]
[White "Bates, Richard A"]
[Black "Edouard, Romain"]
[Result "0-1"]
[WhiteTitle "IM"]
[BlackTitle "GM"]
[WhiteElo "2386"]
[BlackElo "2621"]
[WhiteTeam "Blackthorne Russia"]
[BlackTeam "Guildford"]
[WhiteFideId "403555"]
[BlackFideId "633429"]
[EventDate "2011.11.12"]

1. d4 e6 2. Nf3 c5 3. g3 cxd4 4. Nxd4 d5 5. Bg2 Nf6 6. c4 e5 7. Nb5 d4 8. O-O a6
9. N5a3 Nc6 10. e3 Be7 11. exd4 exd4 12. Bf4 Bg4 13. Qb3 Qd7 14. Re1 O-O 15. Nd2
Nh5 16. Be5 f6 17. Bd6 Bxd6 18. c5+ Kh8 19. cxd6 Rae8 20. Qd5 Re5 21. Rxe5 fxe5
22. Ne4 Qf5 23. f3 Bh3 24. Bxh3 Qxh3 25. Nc4 Qf5 26. Rf1 Qf7 27. Qxf7 Rxf7 28.
Nb6 Nf6 29. Rc1 Nxe4 30. fxe4 Kg8 31. Rc5 Kf8 32. Nc4 Rf6 33. Nxe5 Nxe5 34. Rxe5
Rxd6 35. Kf2 Rc6 36. Ke2 Rc2+ 37. Kd3 Rxb2 38. Rc5 Rxa2 39. Rc8+ Kf7 40. Rc7+
Kg6 41. Rxb7 Rxh2 42. Kxd4 Rg2 43. Rb3 Kf6 44. Rb6+ Kg5 45. Rb7 Kg6 46. Rb3 a5
47. Ke5 Rf2 48. Ra3 h5 49. Rxa5 Rf3 50. Kd6 Rxg3 51. e5 h4 52. Ra2 Rd3+ 53. Ke7
Re3 54. e6 h3 55. Kd7 Kf6 56. Rf2+ Kg5 57. e7 Kg4 58. e8=Q Rxe8 59. Kxe8 g5 60.
Ke7 Kg3 61. Ra2 h2 62. Ra1 g4 63. Kf6 Kf4 64. Ra4+ Ke3 65. Ra3+ Kd4 66. Ra4+ Kc5
67. Rxg4 h1=Q 68. Kg5 Kd5 69. Rf4 Qh3 70. Rf5+ Ke4 71. Rf4+ Ke5 72. Rf7 Qg3+ 73.
Kh5 Ke6 74. Rf8 Qa3 75. Rf4 Qh3+ 76. Kg5 Qh7 77. Rf6+ Ke5 78. Rf2 Qg7+ 79. Kh4
Ke4 80. Rf1 Qh6+ 81. Kg4 Qg6+ 82. Kh4 Ke3 83. Kh3 Qg5 84. Kh2 Qh4+ 85. Kg2 Ke2
86. Rg1 Qg5+ 87. Kh2 Qe5+ 88. Kg2 Qe3 89. Kh2 Qd4 90. Kg2 Qh4 0-1

[Event "4NCL 2011-12"]
[Site "Staverton Park ENG"]
[Date "2011.11.13"]
[Round "2.12.2"]
[White "Conquest, Stuart C"]
[Black "Ledger, Andrew J"]
[Result "1/2-1/2"]
[WhiteTitle "GM"]
[BlackTitle "IM"]
[WhiteElo "2521"]
[BlackElo "2424"]
[WhiteTeam "Guildford 1"]
[BlackTeam "Blackthorne Russia"]
[WhiteFideId "400181"]
[BlackFideId "400610"]
[EventDate "2011.11.12"]

1. e4 c6 2. d4 d5 3. e5 Bf5 4. Be3 e6 5. Nd2 Nd7 6. Nb3 Ne7 7. f4 Bg6 8. Nf3 Nf5
9. Bf2 h5 10. Be2 Rc8 11. O-O a6 12. Rc1 b5 13. a4 Be7 14. Ra1 Qb6 15. Ne1 f6
16. Nd3 h4 17. Qd2 O-O 18. Ra2 fxe5 19. fxe5 Qd8 20. Bg4 Bg5 21. Qe2 Rf7 22.
axb5 axb5 23. Ra7 Ra8 24. Rxa8 Qxa8 25. Bh5 Bxh5 26. Qxh5 Qd8 27. Nbc5 Nf8 28.
Nb4 g6 29. Qe2 Qa8 30. c3 Ng7 31. Re1 Be7 32. Qg4 Nf5 33. Rb1 Nh6 34. Qe2 Rf5
35. Qe1 h3 36. gxh3 Bxc5 37. dxc5 Nd7 38. Bd4 Nf7 39. Nd3 Qd8 40. Kh1 Qg5 41.
Qe2 Qh5 42. Qxh5 gxh5 43. Ra1 Nfxe5 44. Nb4 h4 45. Ra6 Rf1+ 46. Kg2 Rb1 47. Nxc6
Rxb2+ 48. Kf1 Nf3 49. Ne7+ Kf7 50. c6 Rd2 51. Bg1 Nxg1 52. c7 Nf3 1/2-1/2

[Event "4NCL 2011-12"]
[Site "Staverton Park ENG"]
[Date "2011.11.13"]
[Round "2.12.3"]
[White "Ansell, Simon T"]
[Black "Kosten, Anthony C."]
[Result "1/2-1/2"]
[WhiteTitle "IM"]
[BlackTitle "GM"]
[WhiteElo "2389"]
[BlackElo "2498"]
[WhiteTeam "Blackthorne Russia"]
[BlackTeam "Guildford 1"]
[WhiteFideId "402141"]
[BlackFideId "400114"]
[EventDate "2011.11.12"]

1. e4 e5 2. Nf3 Nc6 3. Bb5 a6 4. Ba4 Nge7 5. c3 g6 6. d4 exd4 7. cxd4 b5 8. Bb3
Bg7 9. Nc3 O-O 10. O-O d6 11. h3 Na5 12. Bc2 c5 13. dxc5 dxc5 14. Bg5 Qxd1 15.
Raxd1 Nec6 16. Be3 1/2-1/2

[Event "4NCL 2011-12"]
[Site "Staverton Park ENG"]
[Date "2011.11.13"]
[Round "2.12.4"]
[White "Plat, Vojtech"]
[Black "Duncan, Chris R"]
[Result "1/2-1/2"]
[WhiteTitle "IM"]
[BlackTitle "FM"]
[WhiteElo "2425"]
[BlackElo "2315"]
[WhiteTeam "Guildford 1"]
[BlackTeam "Blackthorne Russia"]
[WhiteFideId "325740"]
[BlackFideId "403091"]
[EventDate "2011.11.12"]

1. Nf3 d5 2. c4 c6 3. e3 Nf6 4. d4 e6 5. Nc3 Be7 6. Bd3 O-O 7. O-O dxc4 8. Bxc4
c5 9. Qe2 a6 10. dxc5 Bxc5 11. Rd1 Qc7 12. Bd2 b5 13. Bd3 Bb7 14. Rac1 Qb6 15.
Ng5 Nbd7 16. Nce4 h6 17. Bc3 hxg5 18. Nxc5 Nxc5 19. Bd4 Rfc8 20. b4 Bxg2 21.
bxc5 Qc6 22. Bxf6 Bf3 23. Qb2 Bxd1 24. Bxg7 Qf3 25. Qe5 Qg4+ 26. Kf1 Rd8 27. Qf6
Rxd3 28. Bh6 Qe2+ 29. Kg1 Qg4+ 30. Kf1 Qe2+ 31. Kg1 Qg4+ 32. Kf1 1/2-1/2

[Event "4NCL 2011-12"]
[Site "Staverton Park ENG"]
[Date "2011.11.13"]
[Round "2.12.5"]
[White "Eames, Robert S"]
[Black "Plaskett, H James"]
[Result "0-1"]
[WhiteTitle "FM"]
[BlackTitle "GM"]
[WhiteElo "2241"]
[BlackElo "2480"]
[WhiteTeam "Blackthorne Russia"]
[BlackTeam "Guildford 1"]
[WhiteFideId "408743"]
[BlackFideId "400238"]
[EventDate "2011.11.12"]

1. e4 c5 2. Nf3 d6 3. d4 cxd4 4. Nxd4 Nf6 5. Nc3 Nc6 6. f3 Qb6 7. Nb3 e6 8. g4
Be7 9. Qe2 a6 10. Be3 Qc7 11. g5 Nd7 12. O-O-O b5 13. Qf2 Bb7 14. f4 b4 15. Na4
Na5 16. Bd3 Nc4 17. Nd4 Nxe3 18. Qxe3 Nc5 19. b3 Nxa4 20. bxa4 d5 21. exd5 Bxd5
22. Be4 Bxe4 23. Qxe4 Rc8 24. h4 O-O 25. Kb1 Rfd8 26. h5 Qc4 27. Rd2 Bc5 28.
Rhd1 g6 29. hxg6 hxg6 30. Qe5 Bxd4 31. Rxd4 Qxc2+ 32. Ka1 Rxd4 33. Qxd4 b3 34.
axb3 Qxb3 35. Rh1 Qa3+ 36. Kb1 Rb8+ 37. Kc2 Qa2+ 38. Kd3 Rb3+ 39. Kc4 Qc2+ 0-1

[Event "4NCL 2011-12"]
[Site "Staverton Park ENG"]
[Date "2011.11.13"]
[Round "2.12.6"]
[White "Sarakauskas, Gediminas"]
[Black "Ledger, Dave J"]
[Result "1/2-1/2"]
[WhiteTitle "IM"]
[BlackTitle "FM"]
[WhiteElo "2403"]
[BlackElo "2228"]
[WhiteTeam "Guildford 1"]
[BlackTeam "Blackthorne Russia"]
[WhiteFideId "12800724"]
[BlackFideId "401986"]
[EventDate "2011.11.12"]

1. e4 e5 2. Nf3 Nc6 3. d4 exd4 4. Bc4 Nf6 5. e5 d5 6. Bb5 Ne4 7. Nxd4 Bc5 8. Be3
O-O 9. Nxc6 bxc6 10. Bxc5 Nxc5 11. Bxc6 Rb8 12. O-O Ba6 13. Re1 Rxb2 14. Bxd5
Nd3 15. cxd3 Qxd5 16. Nc3 Qd4 17. Ne4 Qxe5 18. d4 Qf5 19. Qc1 Rfb8 20. Qxc7 Bd3
21. Nd2 h6 22. Nf3 Rc8 23. Qe7 Rcc2 24. Qe3 Bc4 25. Rac1 Rxa2 26. Rxc2 Rxc2 27.
h3 Bd5 28. Qe5 Qxe5 29. Rxe5 Bxf3 30. gxf3 Rd2 31. Ra5 Rxd4 32. Rxa7 f6 33. Kg2 1/2-1/2

[Event "4NCL 2011-12"]
[Site "Staverton Park ENG"]
[Date "2011.11.13"]
[Round "2.12.7"]
[White "Ledger, Stephen C"]
[Black "Ciuksyte, Dagne"]
[Result "1/2-1/2"]
[BlackTitle "IM"]
[WhiteElo "2107"]
[BlackElo "2327"]
[WhiteTeam "Blackthorne Russia"]
[BlackTeam "Guildford 1"]
[WhiteFideId "404470"]
[BlackFideId "12800619"]
[EventDate "2011.11.12"]

1. d4 Nf6 2. Bg5 d5 3. Bxf6 exf6 4. e3 Bd6 5. c4 dxc4 6. Bxc4 O-O 7. Nc3 f5 8.
Nf3 Nd7 9. Qc2 c6 10. O-O Nf6 11. Rfd1 Qe7 12. a3 a5 13. d5 f4 14. exf4 Bxf4 15.
dxc6 bxc6 16. Re1 Qc7 17. h3 Rb8 18. b3 Bd6 19. Ne4 Nxe4 20. Qxe4 h6 21. Nd4 Bc5
22. Nf5 Be6 23. Qg4 Bxf5 24. Qxf5 Bd4 25. Rad1 c5 26. a4 Rb6 27. Re2 Rf6 28. Qe4
Rd8 29. Rd3 Rf4 30. Qg6 Kh8 31. Qg3 Qd6 32. Rf3 Rxf3 33. Qxd6 Rxd6 34. gxf3 Rf6
35. Kg2 Kh7 36. Re7 Kg6 37. Bd3+ Kg5 38. Bc4 Kg6 39. Bd3+ Kg5 40. Bc4 Kg6 41.
Bd3+ Kg5 1/2-1/2

[Event "4NCL 2011-12"]
[Site "Staverton Park ENG"]
[Date "2011.11.13"]
[Round "2.13.1"]
[White "Player, Edmund C"]
[Black "Knott, Simon J B"]
[Result "1-0"]
[BlackTitle "IM"]
[WhiteElo "2199"]
[BlackElo "2332"]
[WhiteTeam "Anglian Avengers"]
[BlackTeam "Barbican 4NCL 1"]
[WhiteFideId "406520"]
[BlackFideId "400645"]
[EventDate "2011.11.12"]

1. e4 e6 2. d4 d5 3. Nd2 c5 4. exd5 Qxd5 5. Ngf3 cxd4 6. Bc4 Qd6 7. O-O Nf6 8.
Nb3 Nc6 9. Nbxd4 Nxd4 10. Nxd4 a6 11. Re1 Qc7 12. Bb3 Bd6 13. h3 O-O 14. Bg5 b5
15. a4 b4 16. Bxf6 gxf6 17. c3 f5 18. cxb4 Rd8 19. Rc1 Qb6 20. Qh5 Bh2+ 21. Kxh2
Rxd4 22. Qg5+ Kf8 23. Qh6+ Kg8 24. Re3 f4 25. Re5 f6 26. Qxf6 h6 1-0

[Event "4NCL 2011-12"]
[Site "Staverton Park ENG"]
[Date "2011.11.13"]
[Round "2.13.2"]
[White "Berry, Neil"]
[Black "Talsma, Paul"]
[Result "0-1"]
[WhiteTitle "FM"]
[WhiteElo "2312"]
[BlackElo "2246"]
[WhiteTeam "Barbican 4NCL 1"]
[BlackTeam "Anglian Avengers"]
[WhiteFideId "2400650"]
[BlackFideId "1018779"]
[EventDate "2011.11.12"]

1. Nf3 f5 2. c4 Nf6 3. g3 g6 4. Bg2 Bg7 5. d4 O-O 6. O-O d6 7. Nc3 Qe8 8. Re1
Qf7 9. e4 fxe4 10. Nxe4 h6 11. Qe2 Nxe4 12. Qxe4 Nc6 13. d5 Nb4 14. Re2 Bf5 15.
Qh4 g5 16. Bxg5 hxg5 17. Nxg5 Qf6 18. Re6 Qd4 19. Be4 Bxe4 20. Nxe4 Nd3 21. Rd1
Ne5 22. Rxd4 Nf3+ 23. Kf1 Nxh4 24. Rd3 Nf5 25. g4 Nh6 26. Rh3 Rf4 27. Rxe7 Raf8
28. Ke2 Rxg4 29. Ng3 Rgf4 30. Nh5 Rxf2+ 31. Kd3 R2f3+ 32. Rxf3 Rxf3+ 33. Ke4 Rf7
34. Re8+ Kh7 35. Nxg7 Kxg7 36. Ra8 Rf2 37. Rxa7 Rxb2 38. a4 Ng4 39. h3 Nf6+ 40.
Kd4 Rb3 41. a5 Nd7 42. Ke4 Nc5+ 43. Kf5 Rb4 44. h4 Rxc4 45. a6 Nxa6 46. Rxb7 Rd4
47. Ra7 Rxd5+ 48. Ke6 Ra5 0-1